| 000 | 00877cam a2200229 4500 | ||
|---|---|---|---|
| 001 | WB3731-52 | ||
| 008 | 010807n2001 000 0 eng u | ||
| 035 | _a(Sirsi) u113994 | ||
| 245 | _aFoot-and-mouth inquiry in Scotland | ||
| 260 | _c2001 | ||
| 490 |
_aScotsman _v 3 August 2001, 4 |
||
| 490 |
_aScotsman _v 3 August 2001, 3(1) |
||
| 520 | _aIndependent inquiry is launched into the foot and mouth disease outbreak in Scotland. The inquiry is being set up by the Royal Society of Edinburgh and will examine the social and economic consequences of the disease in addition to the impact of the disease on animal health. | ||
| 590 | _aWB | ||
| 650 | _aFOOT-AND-MOUTH DISEASE | ||
| 650 | _aSCOTLAND | ||
| 650 | _aROYAL SOCIETY OF EDINBURGH | ||
| 650 | _aECONOMIC CONSIDERATIONS | ||
| 650 | _aRURAL ISSUES | ||
| 690 | _aRURAL-AGRICULTURE AND FORESTRY | ||
| 942 | _n0 | ||
| 999 |
_c67938 _d67938 |
||